000 00638nam a2200241Ia 4500
005 20250425162520.0
008 250425s9999 xx 000 0 und d
020 _a0201106485
041 _aeng
082 _a658.15
100 _aCOPELAND, THOMAS E.
245 0 _aFINANCIAL THEORY AND CORPORATE POLICY
250 _a3RD ED.
260 _aEstados Unidos
_bADDISON - WESLEY PUBLISHING COMPANY
_c1988
260 _aS.L.
300 _a946
500 _adonación por Ivonne Adum
650 _aADMINISTRACION FINANCIERA
650 _aFINANZAS
710 _aADDISON-WESLEY PUBLISHING COMPANY
942 _c01
010 _a80805
999 _c230802
_d230802